MDQL
is popping MORE tags! Check the
thread
!
Quizzes
Events
Quiz Creation
Community
Videos
Private Events
Remove Ads
Sign In
Join for FREE
Feedback
Dark Mode
Quiz Categories
Sports
Geography
Music
Movies
Television
Just For Fun
Miscellaneous
History
Literature
Language
Science
Gaming
Entertainment
Religion
Holiday
For Kids
Quiz Lab
Recent
Popular Today
Quiz Kudos Today
Editor Picks
Curator Picks
Quizzes by...
Day
Popularity
Type
Ratings
Length
Year
Community
Subscriptions
Recent Discussions
Orange Saloon
Badges
Playlists
Quests
Create
Leaderboards
Showdown
Live 5
Trivia Bingo
Activity
Puzzle Library
Sporcle Events
Private Events
Virtual Trivia
Globe League
Become a Host
Pub Owners
SporcleCon
Opinionation
Our Games
Videos
Blog
Mobile Apps
Partnerships
Remove Ads and Go Orange
Feedback
Miscellaneous
Crossword
General Knowledge
Baby Names
Logo
Food
Cars
Numbers
Grab Bag
University
College
Popular
Company
Slogans
Restaurants
Justice
Letter
Miscellaneous
Crossword
General Knowledge
Baby Names
Logo
Food
Cars
Numbers
Grab Bag
University
College
Popular
Company
Slogans
Restaurants
Justice
Letter
Random Quiz
Search Sporcle
×
Quiz Lab
Quiz Lab
Miscellaneous
January
Type in answers that appear in a list
Type in answers that appear in a list
Classic
Best Score? Go Orange.
January 12 Stats
Can you name the January 12?
By
tebbenjoseph
10m
15 Questions
12 Plays
12 Plays
12 Plays
Comments
Comments
Give Quiz Kudos
Give Quiz Kudos
-
- Ratings
hide this ad
Replay
Link that replays current quiz
Next Quiz
Link to next quiz in quiz playlist
You Got
0%
They Got
Avg Score
54%
Avg Friend Score
Upgrade to see
Score Distribution
Jump to the score distribution portion of the page
Score
0/15
Timer
10:00
0
Plays Today
Hint
Answer
% Correct
In 1915, the United States House of Representatives rejects a proposal to require states to give women the right to [blank].
vote
75%
In 2010, an earthquake in [blank] occurs, killing over 100,000 people and destroying much of the capital Port-
au-
Prince.
Haiti
75%
In 1954, American radio host Howard [blank] was born.
Stern
75%
In 1932, Hattie Caraway becomes the first woman elected to the United States [blank].
Senate
66.7%
In 1966, Lyndon B. Johnson states that the United States should stay in South [blank] until Communist aggression there is ended.
Vietnam
66.7%
In 1976, the United Nations Security Council votes 11–1 to allow the [blank] Liberation Organization to participate in a Security Council debate.
Palestine
66.7%
In 2015, government raids kill 143 Boko [blank] fighters in Kolofata, Cameroon.
Haram
66.7%
In 1908, a long-
distance radio message is sent from the [blank] Tower for the first time.
Eiffel
58.3%
Hint
Answer
% Correct
In 1998, nineteen European nations agree to forbid human [blank].
cloning
58.3%
In 1986, Congressman Bill Nelson lifts off from Kennedy Space Center aboard Space Shuttle [blank] on mission STS-
61-
C as a Mission Specialist.
Columbia
58.3%
In 2004, the world's largest ocean liner, RMS Queen [blank] 2, makes its maiden voyage.
Mary
58.3%
In 1993, former One Direction member [blank] was born.
Zayn Malik
50%
In 1879, Ray Harroun was born. He was the winner of the first [blank] 500 in 1911.
Indianapolis
33.3%
8.3%
In 1588, the 2nd Governor of the Massachusetts Bay Colony [blank] was born.
John Winthrop
0%
Quiz Playlist
Details
Report
Send in Message
Add To Playlist
Classic:
Type in answers that appear in a list
Last Updated: Feb 16, 2017
Quiz Scoreboard
CHALLENGE
Sign Up to Join the Scoreboard
Show All
Scores
Hide
Comments
May contain spoilers
Recently Published
5x2 Blitz: Bands
by SL_Kpop136
Music
30s
Colored Red Africa Blitz
by spor1
Geography
30s
Find the 'City' Movie
by crazypaving
Movies
60s
More to Explore
Quiz From the Vault
Featured Blog Post
14 Easter Pick-up Lines to Find Eggs With
hide this ad
You Might Also Like...
Tags
January
Today's Top Quizzes in Miscellaneous
Browse Miscellaneous
hide this ad
Today's Top Quizzes in January
Browse January
Top Contributed Quizzes in Miscellaneous
1
The JOE quick-fire general knowledge quiz: Day 174
2
5-to-1: Fast Food
3
9x9 Crossword: Disney Movie Titles
4
9x9 Crossword: Charlie and the Chocolate Factory
5
9x9 Crossword: Actors
6
9x9 Crossword: 2022 Movies
7
9x9 Crossword: The Simpsons
8
9x9 Crossword: Pixar Movie Titles
9
The JOE quick-fire general knowledge quiz: Day 173
10
9x9 Crossword: Flags
Explore More
Trending Topics
NBA
Disney
Kpop
Harry Potter
Marvel
Anime
Crossword
NFL
Puzzle
Pokémon
Song
Country
Soccer
The Office
WWE
hide this ad
More By:
tebbenjoseph
Quiz
Plays
Rating
Category
Featured
Created
May 19
12
History
May 19, 2017
January 12
12
Miscellaneous
Jan 12, 2017
March 12
9
Miscellaneous
Mar 12, 2018
November 11
8
Miscellaneous
Nov 11, 2016
February 21
8
Miscellaneous
Feb 21, 2017
Go to Creator's Profile
Score Distribution
Quiz Creator Spotlight
tebbenjoseph
Follow
Send a Message
Quizzes Created
-
Created Quiz Play Count
-
More By This Creator
Popular Quizzes Today
1
Colored Red Africa Blitz
2
Find the 'City' Movie
3
Find the US States - No Outlines Minefield
4
5x2 Blitz: Bands
5
The Countries of the World
6
Find the US States
7
US States
8
Find the Countries of Europe - No Outlines Minefield
More Miscellaneous Quizzes
TinyGrid: Fortune 500 Companies
Curator's Pick
Trending Quizzes
Colored Red Europe Blitz I
Colored Red Africa Blitz II
Colored Red Europe Blitz II
Colored Red Europe Blitz III
Colored Red Africa Blitz III
Recently Updated
How Do You Spell That?
pecheneg
Godzilla Movies
pecheneg
Grab Bag: 4-10 Letters
pecheneg
2024 March Madness Bracket
pecheneg
Famous TV Couples
Peacemaker
Champions League XIs: Real Madrid
pecheneg
Largest US Cities 1790-2010
pecheneg
Rides in Walt Disney World
pecheneg
Most Oscar Losses (Acting)
pecheneg
Beyoncé Albums
pecheneg
Trending Topics
Harry Potter
Marvel
Disney
Anime
NBA
Kpop
Crossword
Pokémon
Song
WWE
The Office
NFL
Country
Puzzle
Soccer
Your Account Isn't Verified!
In order to create a playlist on Sporcle, you need to verify the email address you used during registration. Go to your
Sporcle Settings
to finish the process.
Report this User
Report this user for behavior that violates our
Community Guidelines
.
Details:
Send Report
Go to the Sporcle.com Mobile Site →
Comments